000 00756nam a2200205Ia 4500
001 20604
003 GE_BSU
008 181216s||||||||xx |||||||||||||| ||und||
040 _cGE_BSU
245 _aРеферативный журнал. №4. Экономика промышленности. 2017.
245 _b20.Экономика промышленности.Выходит 12раз в год.
245 _cгл. ред. Ран п.а Минакир, и др.
260 _aМосква
260 _c2017
300 _a20стр. 30 см.
653 _aПериодика
653 _aРеферативный журнал. №4. Экономика промышленности. 2017.
653 _aპერიოდიკა
942 _cCR
999 _c53558
_d53558